| 000 | 00976cam a2200289 a 4500 | ||
|---|---|---|---|
| 001 | 200452800 | ||
| 999 |
_c200452800 _d71012 |
||
| 003 | TR-AnTOB | ||
| 005 | 20260122143444.0 | ||
| 007 | ta | ||
| 008 | 970717s1995 tu 000 0 tur d | ||
| 010 | _a 97954784 | ||
| 040 |
_aDLC _beng _erda _cDLC _dDLC _dTR-AnTOB |
||
| 041 | 0 | _atur | |
| 050 | 0 | 0 |
_aKKX955 _b.K678 1995 |
| 090 |
_aKKX955 _b.K678 1995 |
||
| 100 | 1 |
_aKostakoğlu, Cengiz _eauthor _980855 |
|
| 245 | 1 | 0 |
_aBanka kredi sözleşmelerinden doğan uyuşmazlıklar : _bYargıtay içtihatları itirazın iptali ve menfi tespit davaları / _cCengiz Kostakoğlu. |
| 264 | 3 |
_aAnkara : _bLazer Ofset Matbaa, _c1995. |
|
| 300 |
_a501 pages ; _c24 cm |
||
| 336 |
_atext _btxt _2rdacontent |
||
| 337 |
_aunmediated _bn _2rdamedia |
||
| 338 |
_avolume _bnc _2rdacarrier |
||
| 650 | 0 |
_aBanka kredileri _xHukuk ve mevzuat _zTürkiye _963005 |
|
| 650 | 7 |
_aKredi _xHukuk ve mevzuat _zTürkiye _2etuturkob _974261 |
|
| 942 |
_2lcc _cBK |
||